000 01029nam a2200241Ia 4500
001 20549
003 GE_BSU
008 181216s||||||||xx |||||||||||||| ||und||
040 _cGE_BSU
080 _a811.353.1-8(075.3)
245 _aდედაენა. მეტყველების განვითარების სავარჯიშოები. ნაწ.1
245 _b1 კლასისთვის
245 _cიაკობ გოგებაშვილის დედაენის მიხედვით შეადგინა ვ. რამიშვილმა
250 _aმე-10 გამოც.
260 _aთბილისი
260 _bგანათლება
260 _c1990
300 _a32 გვ. 24სმ.
541 _h20 თ.
653 _a1 კლასისთვის
653 _aდედაენა. მეტყველების განვითარების სავარჯიშოები. ნაწ.1
942 _cBK
999 _c53503
_d53503